| 000 | 00549nam a2200205Ia 4500 | ||
|---|---|---|---|
| 005 | 20260429112249.0 | ||
| 008 | 260429s9999||||xx |||||||||||||| ||und|| | ||
| 020 | _a9781035338955 | ||
| 041 | _aEnglish | ||
| 082 |
_a330.157 _bBYL |
||
| 100 | _aBylund, Per L. | ||
| 245 | 0 |
_aModern guide to Austrian economics / _cPer L. Bylund |
|
| 250 | _a1st ed. | ||
| 260 |
_aUnited Kingdom : _bEdward Elgar Publishing, _c2024. |
||
| 300 | _aix, 317 p.; pbk | ||
| 440 | _aElgar modern guides | ||
| 650 | _a Modern | ||
| 650 | _aEconomics | ||
| 942 | _cTB | ||
| 999 |
_c53202 _d53202 |
||